Una didáctica para el nivel inicial: el despertar del pensamiento matemático
Guardat en:
| Autor principal: | |
|---|---|
| Format: | Llibre |
| Idioma: | espanyol |
| Publicat: |
Buenos Aires
Magisterio del Río de la Plata
2003
|
| Edició: | 1a. ed |
| Col·lecció: | Colección Respuestas Educativas
|
| Matèries: | |
| Etiquetes: |
Afegir etiqueta
Sense etiquetes, Sigues el primer a etiquetar aquest registre!
|
MARC
| LEADER | 00000nam a2200000 a 4500 | ||
|---|---|---|---|
| 001 | UCL8551 | ||
| 003 | CL-VaPUC | ||
| 008 | 040625e20030000AG |||||||||||||||||spa|d | ||
| 020 | |a 9505502966 | ||
| 082 | 0 | 4 | |a 372.7 |b REY |2 21 |
| 100 | 0 | |a Rey, María Esther |e author |9 486452 | |
| 245 | 1 | 4 | |a Una didáctica para el nivel inicial: el despertar del pensamiento matemático |
| 250 | |a 1a. ed | ||
| 300 | |a 125 p | ||
| 942 | |c BK | ||
| 945 | |d 20040625 00:00:00 |a cmena | ||
| 260 | |a Buenos Aires |b Magisterio del Río de la Plata |c 2003 | ||
| 650 | 0 | |a Matemáticas |x Enseñanza |9 875527 | |
| 650 | 0 | |a Educación básica |9 224933 | |
| 650 | 0 | |a Métodos de enseñanza |9 270413 | |
| 583 | |a last modification |c 20040625 00:00:00 |k Rodrigo Vera | ||
| 490 | 0 | |a Colección Respuestas Educativas | |
| 999 | |c 309785 |d 309783 | ||
| 952 | |0 0 |1 0 |4 0 |6 372_700000000000000_REY_2003 |7 0 |8 A |9 377534 |a BIBEDU |b BIBEDU |d 2019-11-21 |i 4030982 |o 372.7 REY 2003 |p 4030982 |r 2019-11-21 |w 2019-11-21 |y BK |k PAR | ||